La escuela y la sociedad (Registro nro. 318549)
[ vista simple ]
| 000 -ENCABEZADO | |
|---|---|
| Número de control [NR] | 01494nam a22002417a 4500 |
| 005 - FECHA Y HORA DE LA ÚLTIMA TRANSACCIÓN | |
| control field | 20210212083159.0 |
| 008 - DE LONGITUD FIJA DE DATOS DE ELEMENTOS - INFORMACIÓN GENERAL | |
| Elementos de longitud fija [NR] | 210212n sp |||fr|||| 001 0 spa d |
| 040 ## - FUENTE DE CATALOGACION [NR] | |
| Quien Cataloga | Sandra Yazo (modificó) |
| Quien Clasifica | Sandra Yazo (modificó) |
| 041 ## - CODIGO DE IDIOMA [R] | |
| Código de idioma para texto/pista de sonido o título separado [R] | Español |
| 082 ## - NUMERO DE CLASIFICACION DECIMAL DEWEY [R] | |
| Número de la edición [NR] | 20 |
| Número de clasificación [R] | 370 |
| 092 ## - SIGNATURA TOPOGRAFICA LOCAL | |
| Número de clasificación local | E51N011 |
| 100 1# - ASIENTO PRINCIPAL--NOMBRE PERSONAL [NR] | |
| Nombre personal [NR] | Dewey, John |
| Fechas asociadas con el nombre [NR] | 1859-1952 |
| ID Autoridad | 61530 |
| 245 10 - MENCION DE TITULO [NR] | |
| Título [NR] | La escuela y la sociedad |
| Mención de responsabilidad, etc. [NR] | John Dewey ; Traducción del inglés y prólogo por Domingo Barnés |
| 260 ## - PUBLICACION, DISTRIBUCION, ETC. (PIE DE IMPRENTA) [R] | |
| Lugar de publicación, distribución, etc. [R] | Madrid (España) |
| Nombre del editor, distribuidor, etc. [R] | Francisco Beltrán. Librería Española y Extranjera |
| Fecha de publicación, distribución, etc. [R] | [fecha desconocida] |
| 300 ## - DESCRIPCION FISICA [R] | |
| Extensión [R] | 132 paginas |
| Dimensiones [R] | 18 x 12 cm. |
| 500 ## - NOTA GENERAL [R] | |
| Nota general [NR] | Detalles físicos: Encuadernación rígida: cartón forrado en tela. Tapas con impresiones y dibujos (en tapa delantera, dos colores). Guardas. Anteportada con grabado decorativo. Portada impresa en una sola tinta, con marca tipográfica del editor en un anagrama. Cenefas decorativas. Mayúsculas capitales. Remates. Texto en una sola columna. Esquinas redondeadas. Gráficos dentro del texto. Índice. Colofón. |
| 505 0# - NOTA DE CONTENIDO CON FORMATO PREESTABLECIDO [R] | |
| Nota de contenido con formato preestablecido [NR] | Prólogo del traductor ; Nota del Autor ; La escuela y el progreso social ; La escuela y la vida del niño ; El despilfarro en la educación ; Tres años de la escuela elemental universitaria |
| 650 #7 - ASIENTO SECUNDARIO DE MATERIA - TERMINO TEMATICO [R] | |
| 9 (RLIN) | 13893 |
| Término temático o nombre geográfico como elemento de entrada [NR] | Educación y sociedad |
| 650 #7 - ASIENTO SECUNDARIO DE MATERIA - TERMINO TEMATICO [R] | |
| 9 (RLIN) | 21215 |
| Término temático o nombre geográfico como elemento de entrada [NR] | Pedagogía |
| Subdivisión cronológica [R] | Siglo XIX-XX |
| Subdivisión geográfica [R] | Estados Unidos |
| 690 ## - ASUNTO AGREGADO LOCAL DE ENTRADA - TÉRMINO TEMÁTICO (OCLC, RLIN) | |
| Acceso temático local | Teoría de la educación |
| 9 (RLIN) | 25273 |
| 700 1# - ASIENTO SECUNDARIO - NOMBRE PERSONAL [R] | |
| Nombre personal [NR] | Barnés, Domingo |
| Fechas asociadas con el nombre [NR] | 1879-1940 |
| Término de relación [R] | traductor |
| 9 (RLIN) | 102324 |
| 942 ## - ELEMENTOS DE ENTRADA AGREGADOS (KOHA) | |
| Sistema de clasificación | LOCAL |
| Tipo de ítem principal el descrito en 300a | Libro |
| Edición | 3 |
| Clasificación | E51N011 |
| Suprimido | Perdido | Sistema de clasificación | Dañado | No prestable | Tipo de ítem específico | Ubicación habitual | Ubicación actual | Localización | Fecha de creación | Forma de adquisición | Costo | Total préstamos | Signatura topográfica | Código de barras | Última vez visto | Ejemplar | Price effective from | Tipo de ítem |
|---|---|---|---|---|---|---|---|---|---|---|---|---|---|---|---|---|---|---|
| LOCAL | Libro archivo | Archivo Histórico | Archivo Histórico | Archivo histórico | 12/02/2021 | Donación | 0.00 | E51N011 | L010560 | 12/02/2021 | Ej.1 | 12/02/2021 | Libro |